000 01041nam a2200253 a 4500
001 81501
003 BD-RjUL
005 20231213104224.0
008 230601s2016 bg a|||| m||| 00| 0 eng d
035 _a(BD-RjUL)81501
040 _aBD-RjUL
_beng
_cBD-RjUL
_dBD-RjUL
041 _aeng
082 _223
_a639.25492
_bISB 2016
100 _aIslam, Md. Shafiqul
_97829
245 1 0 _aBiology and Stock Assessment of the Threatened Fish Puntius Ticto (HAMILTON,1822) (CYPRINIDAE) in the Gorai River, Southwestern Bangladesh /
_cMd. Shafiqul Islam
_6Supervisor : Saleha jasmine
246 _a(Presently it is named as Pethia ticto)
260 _aRajshahi :
_bDepartment of Fisheries, University of Rajshahi,
_c2016.
300 _a15, ii, 125 leaves :
_bill.;
_c29 cm.
502 _aThesis (Ph. D.) -- Department of Fisheries, University of Rajshahi,2016
504 _aReferences : Leaves 106-125
650 _aCommercial fishing
_zBangladesh
_97830
700 _ajasmine, Saleha, Supervisor :
_97831
942 _2ddc
_cTHE
999 _c81501
_d81501